| 000 | 00611nam a2200217Ia 4500 | ||
|---|---|---|---|
| 003 | OSt | ||
| 005 | 20220928145242.0 | ||
| 006 | a|||||r|||| 00| 0 | ||
| 007 | ta | ||
| 008 | 220927b |||||||| |||| 00| 0 eng d | ||
| 024 | _a79650 | ||
| 037 | _cTextual | ||
| 040 |
_aSDCL _cSDCL _beng |
||
| 041 |
_2eng _aeng |
||
| 082 | _aV5932:19'N8, M3 | ||
| 100 |
_aDioszegi Istvan _9512270 |
||
| 245 | 0 |
_aHungarians in the Ballhausplatz _b Studies on the Austro-Hungarian common foreign policy. |
|
| 260 | _c1983 | ||
| 942 |
_hV5932:19'N8, M3 _cTEXL _2CC |
||
| 999 |
_c832728 _d832728 |
||